000
00284nam a22001337a 4500
003
SGT
020
_a
0194423174
082
_a
340
_b
HAR
100
_a
HART H L A
245
_a
THE CONCEPT OF LAW
260
_a
OXFORD
_b
OXFORD UNIVERSITY PRESS
_c
1986
300
_a
263
942
_2
ddc
_c
BK
999
_c
25554
_d
25554